Postavení poskytovatele logistických služeb v automobilové logistice
Poskytovanie logistických služieb v automobilovom priemysle. V dodávateľsko-odberateľských vzťahoch sa postupne vyvinuli typy stratégií: Stratégia single sourcing. Stratégia modular sourcing. Stratégia system sourcing.
Saved in:
| Main Author: | |
|---|---|
| Format: | Book Chapter |
| Language: | Czech |
| Subjects: | |
| Tags: |
No Tags, Be the first to tag this record!
|
MARC
| LEADER | 00000naa$a2200000$$$4500 | ||
|---|---|---|---|
| 001 | 0034803 | ||
| 005 | 20231018133158.2 | ||
| 041 | 0 | |a cze | |
| 044 | |a SK | ||
| 245 | 1 | 0 | |a Postavení poskytovatele logistických služeb v automobilové logistice |c Václav Cempírek |
| 520 | |a Poskytovanie logistických služieb v automobilovom priemysle. V dodávateľsko-odberateľských vzťahoch sa postupne vyvinuli typy stratégií: Stratégia single sourcing. Stratégia modular sourcing. Stratégia system sourcing. | ||
| 610 | 2 | 0 | |a služby logistické |
| 610 | 2 | 0 | |a priemysel automobilový |
| 610 | 2 | 0 | |a proces výrobný |
| 610 | 2 | 0 | |a optimalizácia |
| 610 | 2 | 0 | |a vzťahy dodávateľsko-odberateľské |
| 610 | 2 | 0 | |a stratégia logistická |
| 610 | 2 | 0 | |a dodávky |
| 610 | 2 | 0 | |a dodávatelia |
| 610 | 2 | 0 | |a logistika |
| 610 | 2 | 0 | |a moduly |
| 100 | 1 | |a Cempírek, Václav | |